| 000 | 00431 a2200133 4500 | ||
|---|---|---|---|
| 001 | 92225 | ||
| 082 | _aPR 2485 | ||
| 090 |
_c44185 _d44184 |
||
| 100 | _aM. Rashid Liaqat; Dr. Ali Sarosh and Shuaib Salamat (Advisors) | ||
| 245 |
_aConceptual Design of an Air Launched Rocket Ramjet Integrated Air to Ground Tacticle Weapon System _h78 "A" EC |
||
| 260 |
_aIslamabad _bNUST _c2015 |
||
| 300 | _ax,56p. | ||
| 500 | _aBE Project Report | ||
| 942 |
_aCAE NUST _kPR 2485 |
||
| 999 |
_c327298 _d327298 |
||